000 00432cam a2200169ua 4500
020 _a81-7023-462-X
_c150.00
041 _aeng
_h
082 _a512.9434
_bLEW/MA
100 _aLewis, David W .
245 _aMatrix theory /
_cDavid W Lewis.
_hTextual Documents
260 _aNew Delhi :
_bAllied Publishers Pvt Ltd ,
_c1995.
300 _a298 ; .
365 _a150.00
504 _a
942 _cBK
999 _c9398
_d9398